Une lettre suffit pour répondre juste #72 (attention 10 lettres tuent) - Statistiques

Statistiques générales
  • Ce quiz a été pris 46 fois
  • Le résultat moyen est 3 sur 6
Statistiques - réponses
Hint Réponse % Correct
Donne une des 5 lettres qui complète le nom du tube de Daft Punk feat Pharell Williams de 2013 : Get _ _ _ _ _
LUCKY
100%
Donne une des 4 lettres qui complète le nom de la série cinématographique dont les 2 premiers films sont Piège de Cristal et 58 Minutes pour vivre : DIE _ _ _ _ HARD
78%
Donne une des 3 lettres qui complète le nom de ce film d'horreur/SF en extrait daté de 2007 adapté de la nouvelle Brume de Stephen King : The _I_ _
MST (The Mist)
56%
Donne une des 2 lettres présente sur le logo du réseau social d'entreprise LinkedIn IN
53%
Donne la lettre qui est une unité d'accélération correspondant approximativement à l'accélération de la pesanteur à la surface de la Terre. Elle est principalement utilisée en aéronautique, dans l'industrie automobile et dans celle des parcs d'attraction Ce dragster accélère de 0 à 160 km/h en 0,86 s, ce qui correspond à une accélération horizontale de 5,3 ?
G
33%
Donne la lettre qui est la plus présente dans le titre de ce film de Ti West sorti en 2024 :
X (maXXXine)
3%
Aucun quiz correspondant
Distribution des résultats
% des personnes avec chaque résultat
Percentile par nombre de réponses
Votre historique - résultats
Vous n’avez pas pris ce quiz